Movies Quiz

Random Movies or Automobiles Quiz

Movies by Chase Scene Quiz Stats

 Plays Quiz Updated Apr 13, 2012

Challenge
Share
Tweet
Score 0/20 Timer 05:00
0 Plays Today
% Correct
The Dark Knight
92.6%
Cars
69.9%
True Lies
48.7%
Terminator 2: Judgment Day
47.2%
The Matrix Reloaded
46%
The Great Escape
40%
The Blues Brothers
31%
The Italian Job
29.1%
The Fast and the Furious
27.7%
The Bourne Identity
21.9%
% Correct
Smokey and the Bandit
21.6%
Bullitt
21.3%
Mad Max 2: The Road Warrior
19%
Quantum of Solace
18%
The French Connection
16.7%
Death Proof
14%
Duel
13.7%
The Cannonball Run
12%
The Man with the Golden Gun
10.1%
Gone in 60 Seconds
4.6%

You're not logged in!

Compare scores with friends on all Sporcle quizzes.
OR
Log In

You Might Also Like...

Show Comments

Extras

Top Quizzes Today


Score Distribution

Your Account Isn't Verified!

In order to create a playlist on Sporcle, you need to verify the email address you used during registration. Go to your Sporcle Settings to finish the process.

Report this User

Report this user for behavior that violates our Community Guidelines.

Details: